Catàleg del Col·legi de Periodistes de Catalunya

Para analizar los mass-media (Registre núm. 3026)

000 -CABECERA
Longitud fija campo de control 00562nam a2200193 a 4500
001 - NÚMERO DE CONTROL
Número de control 3026
003 - IDENTIFICADOR DEL NÚMERO DE CONTROL
Identificador del número de control CDMR
005 - FECHA Y HORA DE LA ÚLTIMA TRANSACCIÓN
Fecha y hora de la última transacción 20131129124601.0
008 - CÓDIGOS DE INFORMACIÓN DE LONGITUD FIJA
Códigos de información de longitud fija 130130s1974||||||||||||||||||||||||||||d
020 ## - NÚMERO INTERNACIONAL NORMALIZADO PARA LIBROS
Número Internacional Normalizado para Libros (ISBN) 8440071906
040 ## - FUENTE DE LA CATALOGACIÓN
Centro catalogador de origen CDMR
Lengua de catalogación cat
Centro transcriptor CDMR
100 1# - PUNTO DE ACCESO PRINCIPAL-NOMBRE DE PERSONA
Nombre de persona Kientz, Albert
9 (RLIN) 2222
245 10 - MENCIÓN DE TÍTULO
Título Para analizar los mass-media
Resto del título : el analisis de contenido
Mención de responsabilidad, etc. Albert Kientz
260 ## - PUBLICACIÓN, DISTRIBUCIÓN, ETC. (PIE DE IMPRENTA)
Lugar de publicación, distribución, etc. Valencia
Fecha de publicación, distribución, etc. 1974
Nombre del editor, distribuidor, etc. Fernando Torres
300 ## - DESCRIPCIÓN FÍSICA
Extensión 187 p.
650 04 - PUNTO DE ACCESO ADICIONAL DE MATERIA - TÉRMINO DE MATERIA
9 (RLIN) 4097
Término de materia o nombre geográfico como elemento inicial Anàlisi de contingut (Comunicació)
650 04 - PUNTO DE ACCESO ADICIONAL DE MATERIA - TÉRMINO DE MATERIA
9 (RLIN) 405
Término de materia o nombre geográfico como elemento inicial Mitjans de comunicació de massa
942 ## - ENTRADA DE ELEMENTOS AGREGADOS (KOHA)
Koha [por defecto] tipo de item Monografies
Fuente de clasificaión o esquema
Fons
Suprimido Perdido Estropeado No para préstamo Localización permanente Localización actual Fecha adquisición Préstamos totales Signatura completa Código de barras Fecha última consulta Fecha del precio de reemplazo Tipo de item de Koha Fuente de clasificación o esquema Código de colección
        CPC Girona CPC Girona 2013-07-23   Cc 390 GIRONA13076140 2013-07-23 2013-07-23 Monografies udc Narcís-Jordi Aragó
        Centre de Documentació Montserrat Roig Centre de Documentació Montserrat Roig 2013-01-16   Cc 7/44 CDMR1311613008 2013-01-16 2013-01-16 Monografies    

Implantat amb Koha